[Event "Titled Tue 20th May Early"]
[Site "chess.com INT"]
[Date "2025.05.20"]
[Round "11"]
[White "Pakleza, Zbigniew"]
[Black "Tekeyev, Zaur"]
[Result "1-0"]
[WhiteTitle "GM"]
[BlackTitle "IM"]
[WhiteElo "2484"]
[BlackElo "2417"]
[WhiteFideId "1119290"]
[BlackFideId "4199731"]
[EventDate "2025.05.20"]

1. d4 Nf6 2. Nf3 g6 3. Bf4 Bg7 4. e3 d6 5. Be2 c5 6. c3 Qb6 7. Qb3 Be6 8. Qxb6
axb6 9. a3 Bd5 10. Nbd2 Bc6 11. O-O O-O 12. Bd3 cxd4 13. exd4 Nd5 14. Bg3 b5 15.
Rfe1 Nd7 16. Re2 Rfe8 17. Rae1 N7b6 18. Nf1 f5 19. h4 Bf6 20. Ne3 Nxe3 21. fxe3
e5 22. e4 f4 23. Bf2 Na4 24. g3 fxg3 25. Bxg3 Re7 26. Rf1 Bg7 27. h5 Rf8 28.
hxg6 hxg6 29. d5 Bd7 30. Nh4 Rxf1+ 31. Kxf1 Rf7+ 32. Ke1 Bg4 33. Rh2 Nc5 34. Bc2
Rf6 35. Bf2 Na4 36. Rg2 Bh5 37. c4 Nxb2 38. cxb5 Nc4 39. a4 Bh6 40. Nf5 Bd2+ 41.
Kf1 Kh7 42. Ng3 Ne3+ 43. Kg1 Nxg2 44. Nxh5 gxh5 45. Kxg2 Ba5 46. Bd1 Kg6 47. Bf3
Rf8 48. Bh4 Rc8 49. Be7 Rc2+ 50. Kh3 Rc3 51. Kg2 Rc2+ 52. Kh3 Bb4 53. a5 Ra2 54.
a6 bxa6 55. bxa6 Rxa6 56. Kh4 Be1+ 57. Kh3 Kf7 58. Bd8 Ra3 59. Kg2 Bb4 60. Bxh5+
Kg7 61. Bh4 Bc5 62. Bf3 Ra2+ 63. Kh3 Ra3 64. Kg4 Ra1 65. Kf5 Rf1 66. Kg4 Kg6 67.
Bg3 Rg1 68. Kh3 Rf1 69. Kg4 Be3 70. Bh4 Bf4 71. Be7 Rg1+ 72. Kh4 Rf1 73. Bg4
Rh1+ 74. Bh3 Rg1 75. Bf5+ Kh6 76. Bxd6 Rg7 77. Bc5 Rc7 78. Bf8+ 1-0

[Event "Titled Tue 20th May Early"]
[Site "chess.com INT"]
[Date "2025.05.20"]
[Round "11"]
[White "Bahmani, Koorosh"]
[Black "Yelisieiev, Yevhenii"]
[Result "1/2-1/2"]
[WhiteTitle "CM"]
[BlackTitle "IM"]
[WhiteElo "2208"]
[BlackElo "2412"]
[WhiteFideId "42576750"]
[BlackFideId "14139642"]
[EventDate "2025.05.20"]

1. Nf3 d6 2. d4 Nf6 3. g3 Nbd7 4. Bg2 e5 5. dxe5 dxe5 6. O-O c6 7. b3 Qc7 8. Bb2
a5 9. a4 h6 10. Nbd2 e4 11. Nd4 Nc5 12. Nc4 Bg4 13. h3 Bh5 14. Nf5 Rd8 15. Qe1
Bg6 16. Nfe3 Be7 17. Qxa5 Qxa5 18. Nxa5 O-O 19. Rfd1 Nd5 20. Nxd5 cxd5 21. Bd4
Rd7 22. Rd2 Ra8 23. b4 Ne6 24. Rb1 Nxd4 25. Rxd4 Bf6 26. Rd2 Bd8 27. Nb3 b6 28.
a5 bxa5 29. bxa5 Bf6 30. Rbd1 d4 31. Nxd4 Rxa5 32. Nb3 Rxd2 33. Rxd2 Ra2 34. e3
Bc3 35. Rd8+ Kh7 36. Rc8 Rxc2 37. Kh2 Bf5 38. Nd4 Bxc8 39. Bxe4+ g6 40. Nxc2 Kg7
41. f4 Ba6 42. Kg2 f5 43. Bf3 Bd3 44. Bd1 Kf6 45. Kf2 Bd2 46. Ne1 Be4 47. Nf3
Bxf3 48. Bxf3 Ke6 49. Ke2 Bc1 50. Kd3 Kf6 51. Bd5 g5 52. Bf3 Ba3 53. Kd4 Bb2+
54. Kd3 Ba3 55. Ke2 Bc5 56. g4 fxg4 57. Bxg4 gxf4 58. exf4 Bb6 59. Kf3 Bc7 60.
Ke4 Bb6 61. Bh5 Bg1 62. Be8 Bb6 63. Ba4 Bc7 64. Bc2 Ba5 65. Kf3 Bd2 66. Kg4 Bc1
67. Bd3 Bd2 68. f5 Bg5 69. Be4 Bc1 70. Bd3 Ke5 71. Kh5 Kf6 72. Kg4 Bd2 73. Bc2
Bc1 74. Bb3 Ke5 75. Ba4 Kf6 76. h4 Ke5 77. Bb5 Kf6 78. Bf1 Ke5 79. Bh3 Bd2 80.
Kf3 Bc1 81. Kg4 Bd2 82. Kg3 h5 83. Kg2 Be1 84. f6 Kxf6 85. Bc8 Bxh4 86. Kh3 Be1
87. Bg4 Kg5 88. Bxh5 1/2-1/2

[Event "Titled Tue 20th May Early"]
[Site "chess.com INT"]
[Date "2025.05.20"]
[Round "11"]
[White "Kononenko, Dmitry2"]
[Black "Jahnz, Laurin"]
[Result "0-1"]
[WhiteTitle "FM"]
[BlackTitle "CM"]
[WhiteElo "2205"]
[BlackElo "2233"]
[WhiteFideId "14113538"]
[BlackFideId "16261089"]
[EventDate "2025.05.20"]

1. e4 c6 2. c4 d5 3. exd5 cxd5 4. cxd5 Nf6 5. Bb5+ Nbd7 6. Nc3 g6 7. d4 Bg7 8.
d6 exd6 9. Qe2+ Qe7 10. Bf4 Qxe2+ 11. Bxe2 O-O 12. Bxd6 Re8 13. Nf3 Nb6 14. O-O
Nfd5 15. Be5 Nxc3 16. bxc3 f6 17. Bb5 Bd7 18. Bxd7 Nxd7 19. Bf4 Rac8 20. Bd2 Nb6
21. Rfe1 Nc4 22. Rxe8+ Rxe8 23. Re1 Rc8 24. Bc1 Kf7 25. Kf1 Nd6 26. Bd2 Nc4 27.
Ke2 Rc6 28. Kd3 b5 29. Ra1 Bf8 30. Rb1 a6 31. Re1 Ba3 32. Bc1 Bd6 33. Nd2 Nb6
34. Ne4 Be7 35. Bd2 Nc4 36. g4 Nb2+ 37. Kc2 Na4 38. Kb3 Nb6 39. f4 a5 40. f5 a4+
41. Kb2 Nc4+ 42. Kc2 b4 43. Re2 Na3+ 44. Kb2 Nc4+ 45. Kc2 Na3+ 46. Kd3 b3 47.
axb3 axb3 48. Bc1 Nc4 49. Nc5 Bxc5 50. Kxc4 Ba3+ 51. Kb5 Bxc1 52. Kxc6 b2 53.
Rxb2 Bxb2 54. d5 Bxc3 55. d6 Ba5 56. Kd7 gxf5 57. gxf5 h5 58. h3 Bb6 59. Kc6 Bd8
60. Kd7 Ba5 61. Kc6 Ke8 62. Kb5 Bd2 63. Kc6 Kd8 64. d7 Bf4 65. Kd5 Kxd7 66. Ke4
Be5 67. Kf3 Kd6 68. Ke4 Kc5 69. Kf3 Kd4 70. Kf2 Ke4 71. Kg2 Kxf5 72. h4 Kg4 73.
Kh1 Kxh4 74. Kg1 Kg3 75. Kf1 f5 76. Ke2 f4 77. Kf1 f3 78. Ke1 f2+ 79. Kd2 f1=Q
80. Ke3 Qe1+ 81. Kd3 Bf6 82. Kc4 Bh4 83. Kd5 Qe3 84. Kd6 Kf3 85. Kd5 Bg3 86. Kc6
h4 87. Kb5 h3 88. Kc4 h2 89. Kd5 h1=Q 90. Kc6 Qhc1+ 91. Kb5 Qb3+ 0-1

[Event "Titled Tue 20th May Early"]
[Site "chess.com INT"]
[Date "2025.05.20"]
[Round "11"]
[White "Gasparyan, Erik R."]
[Black "Aarav A"]
[Result "1/2-1/2"]
[WhiteTitle "IM"]
[BlackTitle "CM"]
[WhiteElo "2372"]
[BlackElo "2207"]
[WhiteFideId "13315730"]
[BlackFideId "25162748"]
[EventDate "2025.05.20"]

1. g3 Nf6 2. Bg2 e6 3. Nf3 d5 4. O-O Be7 5. d4 O-O 6. b3 c5 7. Bb2 Nc6 8. Nbd2
cxd4 9. Nxd4 Bd7 10. c4 Nxd4 11. Bxd4 Bc6 12. Rc1 dxc4 13. Nxc4 Bxg2 14. Kxg2
Qd5+ 15. f3 Rfd8 16. Bf2 Qb5 17. Qc2 Nd5 18. Rfd1 Bc5 19. a4 Qb4 20. Be1 Qxc4
21. Qxc4 Ne3+ 22. Kh3 Nxc4 23. Rxd8+ Rxd8 24. Rxc4 Bd6 25. Ba5 b6 26. Bc3 Kf8
27. e4 f6 28. f4 Ke7 29. Kg4 Bc5 30. Kf3 Rd3+ 31. Ke2 Rd7 32. h3 Bd6 33. b4 e5
34. f5 a6 35. Rc6 Rb7 36. Kd3 Kd7 37. b5 axb5 38. axb5 Bc5 39. g4 Ra7 40. g5 Ke7
41. h4 Ra2 42. Rc7+ Kf8 43. gxf6 gxf6 44. Rxh7 Rh2 45. h5 Kg8 46. Rh6 Kg7 47.
Rg6+ Kf7 48. h6 Rh3+ 49. Kc4 Be3 50. Bb4 Bxh6 51. Bd6 Be3 52. Bc7 Rh1 53. Bd8
Bg5 54. Bxb6 Rc1+ 55. Kd5 Rd1+ 56. Kc6 Rc1+ 57. Kd5 Rd1+ 58. Kc4 Rc1+ 59. Kd3
Rb1 60. Bc7 Rxb5 61. Kc4 Rb1 62. Bxe5 Rc1+ 63. Kd3 Rd1+ 64. Ke2 Rd2+ 65. Kf1
Rd1+ 66. Ke2 Rd2+ 67. Ke1 Rd3 68. Kf2 Rd2+ 69. Kf3 Rd3+ 70. Kf2 Rd2+ 71. Kg3
Rd3+ 72. Kg2 Rd2+ 73. Kh3 Re2 74. Bg3 Rxe4 75. Kg2 Re3 76. Kh3 Ra3 77. Kg4 Ra4+
78. Kf3 Ra1 79. Kg4 Rg1 80. Kf3 Rd1 81. Kg4 Rf1 82. Bh2 Bd2 83. Bg3 Rg1 84. Kf3
Ra1 85. Rg4 Ra3+ 86. Ke4 Bg5 87. Bf4 Bxf4 88. Kxf4 Rb3 89. Rg6 Rb4+ 90. Kf3 Ke7
91. Rg8 Kd6 92. Re8 Kd5 93. Re6 Rc4 94. Ke3 Rb4 95. Kf3 Rc4 96. Kg3 Rb4 97. Rxf6
Ke5 98. Rf8 Rc4 99. Rf7 Rb4 100. Rf8 Rc4 101. f6 Ke6 102. Kf3 Rb4 103. Ke3 Ra4
104. Kd3 Rg4 105. Ke3 Rg6 106. Ke4 Rxf6 107. Rb8 Rf1 108. Rb6+ Kd7 109. Ke5 Re1+
110. Kd5 Rd1+ 111. Kc5 Rc1+ 112. Kd5 Rd1+ 113. Ke4 Re1+ 114. Kd3 Rd1+ 115. Kc4
Rc1+ 116. Kd5 Rd1+ 1/2-1/2

[Event "Titled Tue 20th May Early"]
[Site "chess.com INT"]
[Date "2025.05.20"]
[Round "11"]
[White "Shimanov, Aleksandr"]
[Black "Tulendinov, Dinmukhammed"]
[Result "0-1"]
[WhiteTitle "GM"]
[BlackTitle "FM"]
[WhiteElo "2578"]
[BlackElo "2124"]
[WhiteFideId "4198603"]
[BlackFideId "13730860"]
[EventDate "2025.05.20"]

1. e4 c5 2. Ne2 g6 3. c3 d5 4. exd5 Qxd5 5. d4 Bg7 6. Be3 cxd4 7. cxd4 Nf6 8.
Nbc3 Qd8 9. h3 O-O 10. Nf4 Nbd7 11. Bc4 Nb6 12. Bb3 Bd7 13. O-O e6 14. Re1 Bc6
15. Nd3 Nbd5 16. Ne5 Nxe3 17. Rxe3 Nd5 18. Re1 Rc8 19. Rc1 Nf4 20. Nxc6 Rxc6 21.
Re4 Qg5 22. g3 Nd3 23. Rc2 Nxb2 24. Rxb2 Rxc3 25. Kg2 Rfc8 26. Rd2 Rc1 27. Qe2
h5 28. d5 exd5 29. Rxd5 Qf6 30. Rf4 Qa1 31. Rxf7 Rg1+ 32. Kf3 Rc3+ 33. Rd3 Rxb3
34. Qe8+ Kh7 35. axb3 Re1 36. Qd7 Qe5 37. Re3 Rxe3+ 38. fxe3 h4 39. gxh4 Kh6 40.
Qxb7 Qh5+ 41. Kf2 Qxh4+ 42. Ke2 Qh5+ 43. Kd2 Qa5+ 44. Ke2 Qh5+ 45. Qf3 Qb5+ 46.
Kf2 Be5 47. e4 Qc5+ 48. Kg2 Qc2+ 49. Kf1 Qc1+ 50. Kg2 Qc2+ 51. Kh1 Qb1+ 52. Qf1
Qxe4+ 53. Qg2 Qb1+ 54. Rf1 Qxb3 55. Qg4 Qg3 56. Qxg3 Bxg3 57. Ra1 Bf2 58. Ra6
Bb6 59. Kg2 Kg5 60. Kf3 Kf5 61. Ra4 Kg5 62. Rc4 Kh5 63. Rc8 Bd4 64. Rd8 Bb6 65.
Rd5+ Kh6 66. Kg4 Be3 67. h4 Bb6 68. Rd6 Kg7 69. Re6 Kf7 70. Rc6 Kg7 71. Rc3 Kf6
72. Rf3+ Kg7 73. Kf4 Bc7+ 74. Kg5 Bd8+ 75. Kg4 Bb6 76. Rf1 Kh6 77. Kh3 Bc5 78.
Rc1 Bd4 79. Rb1 a5 80. Rb5 Bc3 81. Kg4 Bb4 82. Rb6 Kg7 83. Rb7+ Kf6 84. Rb6+ Kg7
85. Ra6 Bc3 86. Kf3 Bb4 87. Kf4 Kh6 88. Kg4 Kg7 89. Ra8 Kh6 90. Ra7 Bc3 91. Rc7
Bb4 92. Rc6 Kg7 93. Rc4 Kf6 94. Rf4+ Kg7 95. Rd4 Kf6 96. Rd5 Kg7 97. Kg5 Be7+
98. Kg4 Bb4 99. Re5 Kf6 100. Rb5 Bc3 101. Rb6+ Kg7 102. h5 gxh5+ 103. Kxh5 Kf7
104. Kg4 Bb4 105. Kf5 Ke7 106. Ke5 Kd7 107. Kd5 Kc7 108. Rc6+ Kd7 109. Rh6 Ke7
110. Rh7+ Kf6 111. Rh3 Kf5 112. Rf3+ Kg4 113. Ke4 Kg5 114. Rf5+ Kg6 115. Kf4 a4
116. Kg4 a3 117. Rf4 a2 118. Rf1 Bc3 119. Kh3 Kg5 120. Kg2 Kg4 121. Kh1 Kg3 122.
Rd1 Bd4 0-1